<?xml version="1.0" encoding="UTF-8"?>
<record
    xmlns:xsi="http://www.w3.org/2001/XMLSchema-instance"
    xsi:schemaLocation="http://www.loc.gov/MARC21/slim http://www.loc.gov/standards/marcxml/schema/MARC21slim.xsd"
    xmlns="http://www.loc.gov/MARC21/slim">

  <leader>01013nam a2200349Ia 4500</leader>
  <controlfield tag="003">OSt</controlfield>
  <controlfield tag="005">20220912144707.0</controlfield>
  <controlfield tag="006">a|||||r|||| 00| 0 </controlfield>
  <controlfield tag="007">ta</controlfield>
  <controlfield tag="008">220909b        |||||||| |||| 00| 0 eng d</controlfield>
  <datafield tag="020" ind1=" " ind2=" ">
    <subfield code="a">9788177582796 (pbk)</subfield>
  </datafield>
  <datafield tag="020" ind1=" " ind2=" ">
    <subfield code="a">SL01535532</subfield>
  </datafield>
  <datafield tag="024" ind1=" " ind2=" ">
    <subfield code="a">158725</subfield>
  </datafield>
  <datafield tag="037" ind1=" " ind2=" ">
    <subfield code="b">910, 02/12/2011, Total Books India</subfield>
  </datafield>
  <datafield tag="037" ind1=" " ind2=" ">
    <subfield code="c">Textual</subfield>
  </datafield>
  <datafield tag="040" ind1=" " ind2=" ">
    <subfield code="a">CSL</subfield>
    <subfield code="b">eng</subfield>
    <subfield code="c">CSL</subfield>
  </datafield>
  <datafield tag="041" ind1=" " ind2=" ">
    <subfield code="a">eng</subfield>
  </datafield>
  <datafield tag="082" ind1=" " ind2=" ">
    <subfield code="a">C9B2, M3;P3;43-;45</subfield>
  </datafield>
  <datafield tag="100" ind1=" " ind2=" ">
    <subfield code="a">Bransden B H; Joachain C J</subfield>
  </datafield>
  <datafield tag="245" ind1=" " ind2="0">
    <subfield code="a">Physics of atoms and molecules</subfield>
  </datafield>
  <datafield tag="250" ind1=" " ind2=" ">
    <subfield code="a">2</subfield>
  </datafield>
  <datafield tag="260" ind1=" " ind2=" ">
    <subfield code="a">South Asia </subfield>
    <subfield code="b">Pearson education     </subfield>
    <subfield code="c">2003</subfield>
  </datafield>
  <datafield tag="300" ind1=" " ind2=" ">
    <subfield code="a">xiv; 11114p.</subfield>
  </datafield>
  <datafield tag="500" ind1=" " ind2=" ">
    <subfield code="a">References 1077-1084p.; Index 1083-11114p.</subfield>
  </datafield>
  <datafield tag="650" ind1=" " ind2=" ">
    <subfield code="a"> Atoms</subfield>
  </datafield>
  <datafield tag="650" ind1=" " ind2=" ">
    <subfield code="a"> Molecules</subfield>
  </datafield>
  <datafield tag="650" ind1=" " ind2=" ">
    <subfield code="a">Physics</subfield>
  </datafield>
  <datafield tag="700" ind1=" " ind2=" ">
    <subfield code="a">Bransden B H; Joachain C J</subfield>
  </datafield>
  <datafield tag="942" ind1=" " ind2=" ">
    <subfield code="h">C9B2, M3;P3;43-;45</subfield>
    <subfield code="c">TEXL</subfield>
    <subfield code="2">CC</subfield>
  </datafield>
  <datafield tag="999" ind1=" " ind2=" ">
    <subfield code="c">15999</subfield>
    <subfield code="d">15999</subfield>
  </datafield>
  <datafield tag="952" ind1=" " ind2=" ">
    <subfield code="0">0</subfield>
    <subfield code="1">0</subfield>
    <subfield code="4">0</subfield>
    <subfield code="7">0</subfield>
    <subfield code="a">CSL</subfield>
    <subfield code="b">CSL</subfield>
    <subfield code="d">2022-09-12</subfield>
    <subfield code="e">910, 02/12/2011, Total Books India</subfield>
    <subfield code="l">1</subfield>
    <subfield code="m">1</subfield>
    <subfield code="o">C9B2 M3;P3;43-;45</subfield>
    <subfield code="p">SL1535532</subfield>
    <subfield code="r">2025-04-29 16:31:57</subfield>
    <subfield code="s">2025-01-18</subfield>
    <subfield code="w">2022-09-12</subfield>
    <subfield code="y">TEXL</subfield>
    <subfield code="z">{7th impression 2011}</subfield>
  </datafield>
</record>
